De Rimbaud a Pasternak y Quasimodo
Guardat en:
| Autor principal: | |
|---|---|
| Format: | Llibre |
| Idioma: | espanyol |
| Publicat: |
Ciudad de México
Tezontle
1960
|
| Col·lecció: | Ensayos Sobre Literaturas Contemporáneas
|
| Matèries: | |
| Etiquetes: |
Afegir etiqueta
Sense etiquetes, Sigues el primer a etiquetar aquest registre!
|
MARC
| LEADER | 00000nam a2200000 a 4500 | ||
|---|---|---|---|
| 001 | UCQ2801 | ||
| 003 | CL-VaPUC | ||
| 008 | 980731e19600000MX |||||||||||||||||spa|d | ||
| 082 | 0 | 4 | |a 809 |b HEN |2 21 |
| 100 | |a Henríquez Ureña, Max |e author |9 420366 | ||
| 245 | 1 | 0 | |a De Rimbaud a Pasternak y Quasimodo |
| 300 | |a 253 p | ||
| 942 | |c BK | ||
| 945 | |d 19980731 00:00:00 |a crobeson | ||
| 260 | |a Ciudad de México |b Tezontle |c 1960 | ||
| 650 | 0 | |a Literatura |9 259151 | |
| 650 | 0 | |a Crítica literaria |9 269189 | |
| 650 | 0 | |a Narrativa |9 336727 | |
| 650 | 0 | |a Poesía |9 265825 | |
| 650 | 0 | |a Historia y crítica |9 257407 | |
| 650 | 0 | |a Literatura contemporánea |9 321959 | |
| 650 | 0 | |a Literatura inglesa |9 312907 | |
| 583 | |a last modification |c 19980731 00:00:00 |k Rodrigo Vera | ||
| 490 | 0 | |a Ensayos Sobre Literaturas Contemporáneas | |
| 999 | |c 273566 |d 273564 | ||
| 952 | |0 0 |1 0 |4 0 |6 809_000000000000000_HEN_1960 |7 0 |8 A |9 309282 |a BIBEDU |b BIBEDU |d 2019-11-20 |i 1451146 |o 809 HEN 1960 |p 1451146 |r 2019-11-20 |w 2019-11-20 |y BK |k LIT | ||